[Event "POL-chT U19 2nd League"]
[Site "Iwonicz"]
[Date "2016.07.31"]
[Round "11.20"]
[White "Kaminski, Piotr1"]
[Black "Krol, Marcin"]
[Result "1-0"]
[WhiteElo "1902"]
[BlackElo "1626"]
[PlyCount "61"]
[EventDate "2016.07.23"]
[EventType "team-swiss"]
[EventRounds "11"]
[EventCountry "POL"]
[SourceTitle "EXT 2019"]
[Source "ChessBase"]
[SourceDate "2018.10.10"]
[SourceVersion "1"]
[SourceVersionDate "2018.10.10"]
[SourceQuality "1"]
[WhiteTeam "Gniezno LKS Chrobry U19"]
[BlackTeam "Konin UKS Smecz U19"]
[WhiteTeamCountry "POL"]
[BlackTeamCountry "POL"]

1. e4 e5 2. Nf3 Nf6 3. Nxe5 d6 4. Nf3 Nxe4 5. Nc3 Nxc3 6. dxc3 Be7 7. Be3 0-0 8. Qd2 Nc6 9. 0-0-0 Bg4 10. Be2 Re8 11. h3 Bf5 12. g4 Be4 13. Rhg1 Ne5 14. Nd4 c5 15. Nf5 Nf3 16. Bxf3 Bxf3 17. Rde1 g6 18. Bh6 d5 19. Ng7 Rf8 20. Nh5 Re8 21. Qf4 Be4 22. f3 Bd6 23. Qd2 Be5 24. fxe4 gxh5 25. gxh5+ Kh8 26. exd5 Bf6 27. Ref1 Rg8 28. Rxg8+ Kxg8 29. Qf4 Be7 30. Qxf7+ Kh8 31. Bg7# 1-0

[Event "POL-chT U19 2nd League"]
[Site "Iwonicz"]
[Date "2016.07.31"]
[Round "4.20"]
[White "Kucharski, Daniel"]
[Black "Krol, Marcin"]
[Result "1-0"]
[WhiteElo "1328"]
[BlackElo "1626"]
[PlyCount "33"]
[EventDate "2016.07.23"]
[EventType "team-swiss"]
[EventRounds "11"]
[EventCountry "POL"]
[SourceTitle "EXT 2019"]
[Source "ChessBase"]
[SourceDate "2018.10.10"]
[SourceVersion "1"]
[SourceVersionDate "2018.10.10"]
[SourceQuality "1"]
[WhiteTeam "Czestochowa UKS Hetman U19"]
[BlackTeam "Konin UKS Smecz U19"]
[WhiteTeamCountry "POL"]
[BlackTeamCountry "POL"]

1. d4 d5 2. c4 e6 3. Nc3 Nf6 4. Bg5 c6 5. e3 Be7 6. Nf3 Nbd7 7. Bd3 0-0 8. 0-0 dxc4 9. Bxc4 Qc7 10. Qc2 e5 11. Rad1 exd4 12. Nxd4 Ng4 13. Bf4 Bd6 14. Ne6 fxe6 15. Bxe6+ Kh8 16. Bxd6 Qb6 17. Bxg4 1-0

[Event "POL-chT U19 2nd League"]
[Site "Szczyrk"]
[Date "2014.08.02"]
[Round "11.22"]
[White "Krol, Marcin"]
[Black "Gawor, Jan Pawel"]
[Result "0-1"]
[WhiteElo "1595"]
[BlackElo "1551"]
[PlyCount "155"]
[EventDate "2014.07.25"]
[EventType "team-swiss"]
[EventRounds "11"]
[EventCountry "POL"]
[SourceTitle "EXT 2015"]
[Source "ChessBase"]
[SourceDate "2014.11.20"]
[SourceVersion "1"]
[SourceVersionDate "2014.11.20"]
[SourceQuality "1"]
[WhiteTeam "Konin UKS Smecz U19"]
[BlackTeam "Wieliczka MKS MOS U19"]
[WhiteTeamCountry "POL"]
[BlackTeamCountry "POL"]

1. Nf3 d5 2. c4 Nf6 3. g3 Bf5 4. Bg2 e6 5. 0-0 c6 6. d4 Be7 7. Nbd2 Nbd7 8. b3 0-0 9. Nh4 Bg6 10. Nxg6 hxg6 11. Bb2 Nb6 12. e4 Qc7 13. Qc2 Rad8 14. e5 Ne8 15. c5 Nd7 16. f4 Kh7 17. g4 f5 18. gxf5 gxf5 19. Rf3 g6 20. Rh3+ Kg7 21. Qd3 Rg8 22. Qg3 Kf7 23. Nf3 Qc8 24. Ng5+ Bxg5 25. Qxg5 Nc7 26. Rh6 Rg7 27. Rf1 Rh8 28. Rxh8 Qxh8 29. Rf3 Rh7 30. Rg3 Qg8 31. h4 Rg7 32. Bf3 Qh8 33. Kf2 Nf8 34. h5 gxh5 35. Bxh5+ Kg8 36. Qe7 Qh6 37. Qf7+ Kh7 38. Rxg7+ Qxg7 39. Qxg7+ Kxg7 40. a4 a6 41. Bc3 Ng6 42. Kg3 Kh6 43. Be2 Nf8 44. Ba5 Ne8 45. b4 Nd7 46. b5 axb5 47. axb5 Nb8 48. bxc6 Nxc6 49. Bc3 Ng7 50. Kh4 Kg6 51. Bd1 Kh6 52. Be2 Kg6 53. Kg3 Kf7 54. Kf2 Kg6 55. Ke3 Ne8 56. Be1 Nc7 57. Bf2 Na6 58. Kd3 Nab4+ 59. Kc3 Na6 60. Kb3 Nc7 61. Ka4 Na8 62. Kb5 Na7+ 63. Ka4 Nc6 64. Be1 Nxd4 65. Bd1 Nc6 66. Bf2 Kh6 67. Bh4 Kg6 68. Bg5 Nc7 69. Be2 Na6 70. Bxa6 bxa6 71. Kb3 Kh5 72. Kc3 Kg4 73. Bh6 Kf3 74. Kd3 d4 75. Bg5 a5 76. Bh4 Kxf4 77. Bf2 Kxe5 78. Be1 0-1

[Event "POL-chT U19 2nd League"]
[Site "Szczyrk"]
[Date "2014.07.31"]
[Round "9.28"]
[White "Krol, Marcin"]
[Black "Fiedorek, Michal"]
[Result "0-1"]
[WhiteElo "1595"]
[BlackElo "1405"]
[PlyCount "144"]
[EventDate "2014.07.25"]
[EventType "team-swiss"]
[EventRounds "11"]
[EventCountry "POL"]
[SourceTitle "EXT 2015"]
[Source "ChessBase"]
[SourceDate "2014.11.20"]
[SourceVersion "1"]
[SourceVersionDate "2014.11.20"]
[SourceQuality "1"]
[WhiteTeam "Konin UKS Smecz U19"]
[BlackTeam "Legnica Miedz U19"]
[WhiteTeamCountry "POL"]
[BlackTeamCountry "POL"]

1. d4 d5 2. c4 c6 3. Nf3 Nf6 4. g3 Bf5 5. Bg2 e6 6. 0-0 h6 7. Nbd2 Be7 8. Re1 0-0 9. b3 Na6 10. a3 Rc8 11. Bb2 Ne4 12. Nxe4 Bxe4 13. Nd2 Bxg2 14. Kxg2 Bf6 15. e4 Qd7 16. e5 Be7 17. Qf3 Rfd8 18. c5 Qc7 19. Qd3 Nb8 20. b4 b6 21. Nb3 Nd7 22. Rab1 Rb8 23. Bc3 Nf8 24. f4 Qd7 25. g4 f6 26. f5 Re8 27. Nd2 Bd8 28. Nf3 Qf7 29. Bd2 Nh7 30. Bf4 Rb7 31. cxb6 Rxb6 32. Nh4 Nf8 33. exf6 Bxf6 34. Nf3 Nd7 35. Qe3 Nf8 36. Bd6 Be7 37. fxe6 Qg6 38. Bxe7 Rxe7 39. h3 Rxe6 40. Ne5 Qc2+ 41. Qf2 Qxf2+ 42. Kxf2 Rb7 43. Rbc1 Rc7 44. b5 Ng6 45. Nxc6 Rf6+ 46. Kg3 Rcf7 47. Rc3 Rf2 48. Nxa7 Rb2 49. h4 Rxa7 50. h5 Nf8 51. Rc8 Rxa3+ 52. Kf4 Ra7 53. Ree8 Rf7+ 54. Ke5 Rxb5 55. Ra8 Rf6 56. Ra7 Rf3 57. Kd6 Rf4 58. Raa8 Rb4 59. Kxd5 Rbxd4+ 60. Kc5 Rc4+ 61. Kb5 Rce4 62. Red8 Rb4+ 63. Kc6 Rfc4+ 64. Kd6 Rd4+ 65. Ke7 Re4+ 66. Kd6 Rbd4+ 67. Kc7 Rxd8 68. Rxd8 Rxg4 69. Kd6 Rf4 70. Re8 Rf5 71. Ke7 Re5+ 72. Kd8 Rxe8+ 0-1

[Event "POL-chT U19 2nd League"]
[Site "Szczyrk"]
[Date "2014.07.29"]
[Round "7.22"]
[White "Krol, Marcin"]
[Black "Dembinski, Bartosz"]
[Result "1-0"]
[WhiteElo "1595"]
[BlackElo "1261"]
[PlyCount "141"]
[EventDate "2014.07.25"]
[EventType "team-swiss"]
[EventRounds "11"]
[EventCountry "POL"]
[SourceTitle "EXT 2015"]
[Source "ChessBase"]
[SourceDate "2014.11.20"]
[SourceVersion "1"]
[SourceVersionDate "2014.11.20"]
[SourceQuality "1"]
[WhiteTeam "Konin UKS Smecz U19"]
[BlackTeam "Leszno Wieniawa U19"]
[WhiteTeamCountry "POL"]
[BlackTeamCountry "POL"]

1. Nf3 Nf6 2. d4 e6 3. c4 d5 4. g3 Be7 5. Bg2 0-0 6. 0-0 dxc4 7. Ne5 Nbd7 8. Nxc4 c6 9. Nc3 Nb6 10. b3 Nbd5 11. Bb2 Bb4 12. Rc1 Qe7 13. e4 Nxc3 14. Bxc3 Bxc3 15. Rxc3 Rd8 16. e5 Nd5 17. Bxd5 Rxd5 18. Nd6 f6 19. f4 Kf8 20. Qd3 f5 21. Rc5 Qc7 22. Rfc1 Rxc5 23. dxc5 Bd7 24. Rd1 Rd8 25. Qf3 g6 26. g4 Be8 27. gxf5 exf5 28. e6 b6 29. Qc3 Qg7 30. Qxg7+ Kxg7 31. Nxe8+ Rxe8 32. Rd7+ Kf6 33. Rxa7 bxc5 34. Rxh7 Rxe6 35. Kf2 Rd6 36. Ke3 Ke6 37. Rg7 Kd5 38. Re7 Rd8 39. Re5+ Kd6 40. Kd3 g5 41. Ke3 Rf8 42. Kf3 Rh8 43. Re2 g4+ 44. Kg2 Rb8 45. Rd2+ Kc7 46. Re2 Rb4 47. Kg3 Rd4 48. Rf2 Kb6 49. Kh4 Kb5 50. Kg5 Rd5 51. Re2 Kb4 52. Rc2 Ka3 53. Kf6 Kb4 54. Kg5 Ka3 55. Kf6 Kb4 56. Rc4+ Kb5 57. a4+ Kb6 58. Ke6 Ka6 59. b4 Kb6 60. Rxc5 Rd2 61. Kxf5 Rxh2 62. Kxg4 Ra2 63. a5+ Kb7 64. f5 Rf2 65. Rc4 Rg2+ 66. Kf4 Rh2 67. Ke5 Rf2 68. f6 Re2+ 69. Re4 Rf2 70. Ke6 Ka6 71. f7 1-0

[Event "POL-chT U19 2nd League"]
[Site "Szczyrk"]
[Date "2014.07.28"]
[Round "5.28"]
[White "Krol, Marcin"]
[Black "Dixa, Oskar"]
[Result "1/2-1/2"]
[WhiteElo "1595"]
[BlackElo "1496"]
[PlyCount "82"]
[EventDate "2014.07.25"]
[EventType "team-swiss"]
[EventRounds "11"]
[EventCountry "POL"]
[SourceTitle "EXT 2015"]
[Source "ChessBase"]
[SourceDate "2014.11.20"]
[SourceVersion "1"]
[SourceVersionDate "2014.11.20"]
[SourceQuality "1"]
[WhiteTeam "Konin UKS Smecz U19"]
[BlackTeam "Kalisz KTS U19"]
[WhiteTeamCountry "POL"]
[BlackTeamCountry "POL"]

1. d4 Nf6 2. c4 c6 3. Nf3 d5 4. g3 Bf5 5. Bg2 e6 6. 0-0 Bd6 7. Nbd2 Nbd7 8. b3 0-0 9. Bb2 Qe7 10. Ne5 Rac8 11. h3 h6 12. Re1 c5 13. g4 Bh7 14. Nxd7 Nxd7 15. e4 dxe4 16. Nxe4 cxd4 17. Nxd6 Qxd6 18. Qxd4 Qxd4 19. Bxd4 b6 20. Rad1 Rfd8 21. Rd2 Nc5 22. Red1 Ne4 23. Bxe4 Bxe4 24. Be3 Rxd2 25. Rxd2 Bc6 26. b4 b5 27. cxb5 Bxb5 28. Bxa7 Ra8 29. Bc5 Bc4 30. Rb2 Rxa2 31. Rxa2 Bxa2 32. b5 Bc4 33. b6 Bd5 34. Kh2 f6 35. Kg3 Kf7 36. Kf4 Bb7 37. Ke3 Bc6 38. Kd4 Bb7 39. Bd6 Ke8 40. Kc5 Kf7 41. Bb8 Ke7 1/2-1/2

[Event "POL-chT3 Wielkopolska 1112"]
[Site "Poland"]
[Date "2012.??.??"]
[Round "8.35"]
[White "Krol, Marcin"]
[Black "Pilzak, Marcin"]
[Result "1-0"]
[WhiteElo "1555"]
[BlackElo "1411"]
[PlyCount "108"]
[EventDate "2011.11.27"]
[EventType "team-tourn"]
[EventRounds "11"]
[EventCountry "POL"]
[SourceTitle "EXT 2014"]
[Source "ChessBase"]
[SourceDate "2013.11.20"]
[SourceVersion "1"]
[SourceVersionDate "2013.11.20"]
[SourceQuality "1"]
[WhiteTeam "Smecz Konin"]
[BlackTeam "Leszno Wieniawa"]
[WhiteTeamCountry "POL"]
[BlackTeamCountry "POL"]

1. Nf3 Nf6 2. d4 d5 3. c4 e6 4. g3 Nbd7 5. Bg2 dxc4 6. Nbd2 Nb6 7. Nxc4 Nxc4 8. Qa4+ Bd7 9. Qxc4 Bc6 10. 0-0 Bd6 11. b3 0-0 12. Bb2 Rc8 13. Rfd1 Qe7 14. Ne5 Bxg2 15. Kxg2 c5 16. Rac1 b6 17. Qd3 Qb7+ 18. Kg1 Rfd8 19. Nc4 h6 20. Nxd6 Rxd6 21. Qe3 Rcd8 22. Rd2 Qd7 23. Rcd1 Nd5 24. Qe4 Nb4 25. a3 Nc6 26. e3 cxd4 27. exd4 Rd5 28. f4 a5 29. Kg2 f6 30. Bc3 Kf7 31. h3 Qd6 32. a4 Qe7 33. g4 f5 34. Qf3 R8d6 35. Qe3 Qd8 36. Qf2 Qf6 37. Kh2 fxg4 38. hxg4 Qd8 39. Kg1 Kg8 40. Qe3 Qh4 41. Qf3 Qf6 42. Qe3 Qg6 43. Rg2 Qe8 44. Rgd2 Qd8 45. Qf2 g5 46. fxg5 Qxg5 47. Qf3 Rf5 48. Qh3 Rdd5 49. Rg2 Rf6 50. Bd2 Qg6 51. Be3 Kf8 52. Kh2 Ke7 53. Qh4 Kd7 54. Qg3 h5 1-0

[Event "POL-chT3 Wielkopolska 1112"]
[Site "Poland"]
[Date "2011.??.??"]
[Round "1.11"]
[White "Krol, Marcin"]
[Black "Smagalski, Slawomir"]
[Result "0-1"]
[WhiteElo "1555"]
[BlackElo "2025"]
[PlyCount "90"]
[EventDate "2011.11.27"]
[EventType "team-tourn"]
[EventRounds "11"]
[EventCountry "POL"]
[SourceTitle "EXT 2014"]
[Source "ChessBase"]
[SourceDate "2013.11.20"]
[SourceVersion "1"]
[SourceVersionDate "2013.11.20"]
[SourceQuality "1"]
[WhiteTeam "Smecz Konin"]
[BlackTeam "Konin Hetman"]
[WhiteTeamCountry "POL"]
[BlackTeamCountry "POL"]

1. d4 Nf6 2. c4 e6 3. Nc3 Bb4 4. Bd2 d5 5. e3 0-0 6. Nf3 b6 7. Be2 Bb7 8. 0-0 c5 9. cxd5 cxd4 10. Nxd4 Bxc3 11. Bxc3 Nxd5 12. Bd2 Nd7 13. Rc1 Nc5 14. a3 Rc8 15. b4 Ne4 16. Bd3 Rxc1 17. Qxc1 Ndf6 18. Qc2 Nxd2 19. Qxd2 e5 20. Nb3 Qd5 21. f3 Qxb3 22. Rc1 Qxa3 23. Rc7 Bd5 24. b5 e4 25. Be2 h6 26. f4 Be6 27. h3 Nd5 28. Rc1 Qxe3+ 29. Qxe3 Nxe3 30. Rc7 Ra8 31. Kf2 Nd5 32. Rc4 Nxf4 33. Rxe4 Nxe2 34. Rxe2 Rc8 35. Ke3 Rc5 36. Rb2 Bc4 37. g3 Bxb5 38. Ra2 a5 39. Rb2 a4 40. Kd4 a3 41. Ra2 Rc4+ 42. Kd3 Rg4+ 43. Kc2 Rxg3 44. h4 Rg2+ 45. Kb1 Bd3+ 0-1

[Event "POL-chT4B 0910"]
[Site "Wielkoposka"]
[Date "2010.05.16"]
[Round "9"]
[White "Adamczewski, Jedrzej"]
[Black "Krol, Marcin"]
[Result "1-0"]
[WhiteElo "1728"]
[BlackElo "1600"]
[PlyCount "47"]
[EventDate "2010.01.10"]
[EventType "team-tourn"]
[EventRounds "9"]
[EventCountry "POL"]
[SourceTitle "EXT 2019"]
[Source "ChessBase"]
[SourceDate "2018.10.10"]
[SourceVersion "1"]
[SourceVersionDate "2018.10.10"]
[SourceQuality "1"]
[WhiteTeam "Kalisz KTS"]
[BlackTeam "Konin UKS Smecz"]
[WhiteTeamCountry "POL"]
[BlackTeamCountry "POL"]

1. e4 c5 2. Nf3 Nc6 3. d4 cxd4 4. Nxd4 g6 5. Be3 Bg7 6. Nc3 d6 7. Qd2 Nf6 8. f3 0-0 9. 0-0-0 Bd7 10. g4 Re8 11. h4 Rc8 12. h5 Qc7 13. hxg6 hxg6 14. Bh6 Bh8 15. Nxc6 Qxc6 16. Bb5 Qb6 17. Bxd7 Nxd7 18. Be3 Qa5 19. Rxh8+ Kxh8 20. Qh2+ Kg7 21. Qh6+ Kg8 22. Rh1 f6 23. Qh7+ Kf8 24. Bh6# 1-0